Tous les présidents d'Amerique - Statistiques

Statistiques générales
  • Ce quiz a été pris 107 fois
  • Le résultat moyen est 21 sur 47
Statistiques - réponses
Date Présidents % Correct
2017-2021 Donald Trump
96%
2025-... Donald Trump
96%
2009-2017 Barack Obama
94%
1789-1797 George Washington
91%
2021-2025 Joe Biden
88%
2001-2009 George W. Bush
82%
1961-1963 John Fitzgerald Kennedy
82%
1861-1865 Abraham Lincoln
81%
1989-1993 George H. W. Bush
81%
1993-2001 Bill Clinton
76%
1981-1989 Ronald Reagan
73%
1969-1974 Richard Nixon
63%
1953-1961 Dwight D.Eisenhower
60%
1945-1953 Harry S.Truman
58%
1901-1909 Theodore Roosevelt
58%
1963-1969 Lyndon B.Johnson
57%
1865-1869 Andrew Johnson
55%
1801-1809 Thomas Jefferson
51%
1977-1981 Jimmy Carter
48%
1974-1977 Gerald Ford
46%
1913-1921 Woodrow Wilson
42%
1797-1801 John Adams
40%
1933-1945 Franklin Delano Roosvelt
39%
1929-1933 Herbert Hoover
37%
1869-1877 Ulysses S.Grant
33%
1809-1817 James Madison
30%
1829-1837 Andrew Jackson
28%
1923-1929 Calvin Coolidge
27%
1817-1825 James Monroe
27%
1889-1893 Benjamin Harrison
25%
1885-1889 Grover Cleveland
22%
1893-1897 Grover Cleveland
22%
1837-1841 Martin Van Buren
22%
1909-1913 William H.Taft
22%
1921-1923 Warren G.Harding
21%
1881-1881 James A.Garfield
19%
1881-1885 Chester A.Arthur
18%
1853-1857 Franklin Pierce
18%
1857-1861 James Buchanan
18%
1845-1849 James K.Polk
16%
1825-1829 John Quincy Adams
16%
1841-1845 John Tyler
16%
1849-1850 Zachary Taylor
16%
1850-1853 Millard Fillmore
15%
1877-1881 Rutherford B.Hayes
15%
1897-1901 William McKinley
12%
1841-1841 William Henry Harrison
9%
Aucun quiz correspondant
Distribution des résultats
% des personnes avec chaque résultat
Percentile par nombre de réponses
Votre historique - résultats
Vous n’avez pas pris ce quiz